Personaggi famosi nati a Napoli - Statistics

Statistiche generali
  • Questo quiz è stato fatto 179 volte
  • Il punteggio medio è 20 su 50
Statistiche sulle risposte
con Immagini Risposta % Corretto
Geolier
87%
Gigi D'Alessio
85%
Totò
85%
Fabio Cannavaro
81%
Massimo Ranieri
81%
Pino Daniele
79%
Alessandro Siani
77%
Barbara D'Urso
77%
Bud Spencer
77%
Maurizio Sarri
77%
Giorgio Napolitano
76%
Roberto Saviano
74%
Lorenzo Insigne
73%
Antonio Di Natale
70%
Ciro Ferrara
70%
Nino D'Angelo
68%
Biagio Izzo
62%
Edoardo Bennato
55%
Paolo Sorrentino
51%
Enzo Paolo Turchi
49%
Caterina Balivo
47%
Luchè
46%
Renato Carosone
40%
Eduardo De Filippo
39%
Lello Arena
38%
Riccardo Muti
33%
Mario Merola
32%
Luigi De Magistris
26%
Vittorio Emanuele III
26%
Giovanni Leone
24%
Salvo D'Acquisto
24%
Silvio Orlando
24%
Myrta Merlino
23%
Masaniello
19%
Matteo Piantedosi
19%
Armando Diaz
17%
Enrico Caruso
17%
Enrico De Nicola
17%
Corrado Formigli
13%
Ferdinando I delle Due Sicilie
11%
Gabriele Salvatores
8%
Francesco II delle Due Sicilie
7%
Giambattista Vico
7%
Gian Lorenzo Bernini
7%
Nino Taranto
7%
Elena Ferrante
5%
Giovan Battista Marino
5%
Carlo Pisacane
3%
Francesco Rosi
3%
Luisa Conte
3%
Nessun quiz corrispondente trovato
Distribuzione punteggi
Percentuale di utenti per punteggio
Percentile per numero di risposta
I tuoi punteggi nel tempo
Non hai fatto questo quiz